000 00961nam a2200265Ia 4500
003 OSt
005 20221005110341.0
006 a|||||r|||| 00| 0
007 ta
008 221004b |||||||| |||| 00| 0 hin d
020 _a9789382543329 (hbk)
_cIndian Rupees 325
024 _a44155
037 _bGift, 06/06/2019,
_cTextual
040 _aCRL
_cCRL
_bhin
041 _2hin
_ahin
082 _aP152v, Q5
100 _aअनीता देवी, संपा.
245 0 _aहिन्दी भाषा और उसकी लिपि का इतिहास
246 _aHindī bhāṣhā aur usakī lipi kā itihāsa
260 _aनई दिल्ली
_bईशा ज्ञानदीप भारत
_c2015
300 _a116पृ0
_ccm.
650 _aहिन्दी भाषा
942 _hP152v, Q5
_cTEXL
_2cc
999 _c1018542
_d1018542